[Event "Forni di Sopra 16th"]
[Site "Forni di Sopra"]
[Date "2025.06.14"]
[Round "9"]
[White "Bordignon, Angelo"]
[Black "Budai, Leonardo"]
[Result "1/2-1/2"]
[WhiteElo "1971"]
[BlackElo "1975"]
[PlyCount "57"]
[EventDate "2025.06.07"]
[EventType "swiss"]
[EventRounds "9"]
[EventCountry "ITA"]
[SourceTitle "CB26_2025"]
[SourceDate "2025.06.25"]
[SourceVersion "1"]
[SourceVersionDate "2025.06.25"]
[SourceQuality "1"]

1. e4 c5 2. Nf3 d6 3. d4 cxd4 4. Nxd4 Nf6 5. Nc3 g6 6. Be3 Nc6 7. f3 Bg7 8. Qd2 0-0 9. Bc4 Bd7 10. 0-0-0 Rc8 11. Nxc6 Bxc6 12. Bb3 b5 13. Bxa7 Qa5 14. Bd4 b4 15. Ne2 Ba4 16. Kb1 Bxb3 17. cxb3 Ra8 18. a4 bxa3 19. Qxa5 Rxa5 20. bxa3 Rxa3 21. Kb2 Rfa8 22. Ra1 Rxa1 23. Rxa1 Rxa1 24. Kxa1 e5 25. Bb2 d5 26. Bxe5 dxe4 27. fxe4 Nxe4 28. Bxg7 Kxg7 29. Kb2 1/2-1/2

[Event "Forni di Sopra 16th"]
[Site "Forni di Sopra"]
[Date "2025.06.10"]
[Round "5"]
[White "Bordignon, Angelo"]
[Black "Fiorido, Giuseppe"]
[Result "1/2-1/2"]
[WhiteElo "1971"]
[BlackElo "2034"]
[PlyCount "70"]
[EventDate "2025.06.07"]
[EventType "swiss"]
[EventRounds "9"]
[EventCountry "ITA"]
[SourceTitle "CB26_2025"]
[SourceDate "2025.06.25"]
[SourceVersion "1"]
[SourceVersionDate "2025.06.25"]
[SourceQuality "1"]

1. c4 c6 2. d4 d5 3. cxd5 cxd5 4. Nc3 Nf6 5. Bf4 e6 6. e3 a6 7. Bd3 Bd6 8. Bxd6 Qxd6 9. Nf3 Nbd7 10. 0-0 0-0 11. a4 b6 12. Qb1 Bb7 13. Ne2 Rfc8 14. Ng3 Rc7 15. Rc1 Rac8 16. Rxc7 Qxc7 17. Qf1 a5 18. Ne2 g6 19. Rc1 Qb8 20. Rxc8+ Qxc8 21. Qc1 Kf8 22. Qxc8+ Bxc8 23. Nc3 Ke7 24. Kf1 Ne8 25. Bb5 f6 26. h4 Nc7 27. Bxd7 Bxd7 28. Ke1 h6 29. Kd2 Kd6 30. Ng1 e5 31. f3 Bc6 32. Nge2 Ne6 33. Kd3 Nc7 34. Ng3 Bd7 35. b3 e4+ 1/2-1/2

[Event "Trieste Piccola Fenice 2nd"]
[Site "Trieste"]
[Date "2025.03.01"]
[Round "4"]
[White "Bordignon, Angelo"]
[Black "Stevanic, David"]
[Result "0-1"]
[WhiteElo "2009"]
[BlackElo "2268"]
[PlyCount "70"]
[EventDate "2025.02.27"]
[EventType "swiss"]
[EventRounds "9"]
[EventCountry "ITA"]
[SourceTitle "CB10_2025"]
[SourceDate "2025.03.05"]
[SourceVersion "1"]
[SourceVersionDate "2025.03.05"]
[SourceQuality "1"]

1. d4 Nf6 2. c4 g6 3. Nc3 Bg7 4. Nf3 d6 5. Bg5 0-0 6. e3 Nbd7 7. Qc2 c6 8. Be2 e5 9. h3 Qe7 10. 0-0 h6 11. dxe5 dxe5 12. Bh4 Qe6 13. Nd2 a5 14. a3 Ne8 15. b4 g5 16. Bg3 f5 17. c5 Kh8 18. f3 Ndf6 19. e4 f4 20. Bf2 h5 21. Bc4 Qe7 22. Rfd1 g4 23. hxg4 hxg4 24. Bh4 axb4 25. axb4 Rxa1 26. Rxa1 Bh6 27. Kf2 Nxe4+ 28. Ndxe4 Qxh4+ 29. Ke2 Ng7 30. Rf1 Nf5 31. Qb1 gxf3+ 32. gxf3 Ng3+ 33. Nxg3 fxg3 34. Ne4 Qh2+ 35. Kd3 g2 0-1

[Event "Forni di Sopra op 15th"]
[Site "Forni di Sopra"]
[Date "2024.06.13"]
[Round "7"]
[White "Lantini, Marco"]
[Black "Bordignon, Angelo"]
[Result "0-1"]
[WhiteElo "2005"]
[BlackElo "2072"]
[PlyCount "66"]
[EventDate "2024.06.08"]
[EventType "swiss"]
[EventRounds "9"]
[EventCountry "ITA"]
[SourceTitle "CBM 220 Extra"]
[Source "ChessBase"]
[SourceDate "2024.07.31"]
[SourceVersion "1"]
[SourceVersionDate "2024.07.31"]
[SourceQuality "1"]

1. Nf3 Nf6 2. c4 g6 3. b3 Bg7 4. Bb2 0-0 5. g3 d6 6. d4 e5 7. dxe5 Nfd7 8. Bg2 Nc6 9. 0-0 Ncxe5 10. Nc3 a5 11. Qc2 Nc5 12. Nxe5 Bxe5 13. e4 c6 14. Nd1 Qb6 15. Bxe5 dxe5 16. Qc3 Qc7 17. Qe3 Ne6 18. c5 a4 19. Nb2 axb3 20. axb3 Rxa1 21. Rd1 Rb1 22. Rxb1 Nd4 23. Ra1 Bd7 24. Ra8 Be6 25. Rxf8+ Kxf8 26. b4 b5 27. Bh3 Bxh3 28. Qh6+ Kg8 29. Qxh3 Qd8 30. Qf1 Qd7 31. h3 h5 32. Kg2 h4 33. Nd3 Nc2 0-1

[Event "Forni di Sopra op 15th"]
[Site "Forni di Sopra"]
[Date "2024.06.10"]
[Round "3"]
[White "Ranfagni, Stefano"]
[Black "Bordignon, Angelo"]
[Result "0-1"]
[WhiteElo "1962"]
[BlackElo "2072"]
[PlyCount "96"]
[EventDate "2024.06.08"]
[EventType "swiss"]
[EventRounds "9"]
[EventCountry "ITA"]
[SourceTitle "CBM 220 Extra"]
[Source "ChessBase"]
[SourceDate "2024.07.31"]
[SourceVersion "1"]
[SourceVersionDate "2024.07.31"]
[SourceQuality "1"]

1. e4 c5 2. Nc3 Nc6 3. g3 g6 4. Bg2 Bg7 5. d3 Rb8 6. Be3 b5 7. Qd2 d6 8. Nge2 h5 9. h3 e6 10. 0-0 b4 11. Nd1 Nge7 12. Kh2 a5 13. f4 Nd4 14. c4 Bb7 15. Nxd4 cxd4 16. Bg1 Kf8 17. Qe2 Kg8 18. Nf2 g5 19. fxg5 Ng6 20. Qf3 Qxg5 21. h4 Qe7 22. Nh3 Ne5 23. Qe2 Ng4+ 24. Kh1 e5 25. Bf3 Bc8 26. Kg2 Bd7 27. b3 Rf8 28. a3 Qd8 29. axb4 axb4 30. Qd2 Qb8 31. Ra2 Bh6 32. Qe2 Qc8 33. Rfa1 Ne3+ 34. Bxe3 Bxh3+ 35. Kh2 Bxe3 36. Ra8 Qd7 37. R1a7 Rxa8 38. Rxa8+ Kg7 39. Rxh8 Kxh8 40. Bxh5 Be6 41. Qf3 Kg7 42. g4 Bf4+ 43. Kg2 Qa7 44. Qe2 Qa1 45. g5 Be3 46. Bg4 Qg1+ 47. Kh3 Qh1+ 48. Kg3 Bf4+ 0-1